|
|
|
|
| LEADER |
01066pam a22003138a 4500 |
| 001 |
00032294 |
| 005 |
20171026081025.0 |
| 008 |
140605s2009 ||||||engsd |
| 020 |
# |
# |
|c 80000
|a 9780071272254
|
| 041 |
0 |
# |
|a eng
|
| 082 |
1 |
4 |
|a 428
|b I300N
|
| 100 |
0 |
# |
|a Kirn,Elaine
|
| 245 |
0 |
0 |
|a Interactions 1
|b Reading
|c Elaine Kirn, Pamela Hartmann
|
| 250 |
# |
# |
|a silver edition
|
| 260 |
# |
# |
|a New York; TP Hồ Chí Minh
|b MC-Graw Hill; Tổng hợp TP Hồ Chí Minh
|c 2009
|
| 300 |
# |
# |
|a xvii,240p.
|c 27cm.
|
| 490 |
# |
# |
|a Tủ sách tiếng Anh cho sinh viên
|
| 653 |
# |
# |
|a Kỹ năng đọc
|
| 653 |
# |
# |
|a Đọc hiểu
|
| 653 |
# |
# |
|a Tự học
|
| 653 |
# |
# |
|a Tiếng Anh
|
| 653 |
# |
# |
|a Ngôn ngữ
|
| 700 |
0 |
# |
|a Hartmann,Pamela
|
| 852 |
# |
# |
|j KD.0019903
|j KM.0020992
|j KM.0016936
|j KM.0016935
|j KM.0020854
|
| 852 |
# |
# |
|b Kho đọc
|j KD.0019903
|
| 852 |
# |
# |
|b Kho mượn
|j KM.0016935, KM.0016936, KM.0020854, KM.0020992
|
| 910 |
|
|
|d 5/6/2014
|
| 980 |
# |
# |
|a Trung tâm Học liệu Lê Vũ Hùng, Trường Đại học Đồng Tháp
|